| 000 | 00000nas##2200000za#4500 |
| 001 | 9.511843 |
| 003 | CaOODSP |
| 005 | 20200325114247 |
| 007 | ta |
| 008 | 150406c2004||||xxc|| p #||||f| |0fre|d |
| 022 | |a1710-3029 |
| 040 | |aCaOODSP|bfre |
| 041 | |aeng |
| 041 | |afre |
| 043 | |an-cn--- |
| 086 | 1 |aEN1-36 |
| 110 | 1 |aCanada. |bEnvironnement Canada. |
| 245 | 10|aConsultation sur la modification de la liste des espèces de la Loi sur les espèces en péril, espèces terrestres |
| 260 | |aGatineau - Québec : |bEnvironnement Canada |
| 310 | |aAnnuel |
| 362 | 1 |a2004-- |
| 500 | |aSous le titre présent depuis 2006. |
| 520 | 3 |aLe gouvernement du Canada a promulgué la Loi sur les espèces en péril (LEP), le 5 juin 2003 dans le cadre de sa stratégie sur les espèces en péril. L'annexe 1 de cette loi, appelée ici « liste de la LEP », énumère les espèces qui sont protégées en vertu de la loi. Les Canadiens sont invités à exprimer leur opinion concernant l'inscription à la liste de la LEP de toutes les espèces incluses dans ce document ou de certaines d'entre elles. |
| 563 | |aCouverture souple |
| 776 | 0#|tConsultation sur la modification de la liste des espèces de la Loi sur les espèces en péril.|w(CaOODSP)9.502292 |
| 791 | |tConsultation on amending the list of species under the Species at Risk Act, terrestrial species |eeng|w(CaOODSP)9.511842 |